Statystyki dla Flagi państw Azjatyckich (Bardzo Trudne)

Kliknij tutaj aby rozwiązać quiz!

Ogólne statystyki

  • Ten quiz został rozwiązany 145 razy
    (64 od ostatniego zresetowania)
  • Średni wynik to 42 z 71

Statystyki odpowiedzi

Odpowiedź% Poprawnych
Korea Południowa
90%
Indie
88%
Nepal
88%
Izrael
86%
Turcja
86%
Arabia Saudyjska
84%
Chiny
84%
Egipt
84%
Japonia
84%
Katar
84%
Kazachstan
84%
Pakistan
84%
Cypr
82%
Rosja
82%
Tajlandia
82%
Gruzja
80%
Bhutan
78%
Indonezja
78%
Iran
78%
Liban
78%
Malezja
78%
Sri Lanka
78%
Wietnam
78%
Irak
76%
Kambodża
76%
Korea Północna
76%
Kirgistan
74%
Mongolia
74%
Syria
74%
Armenia
72%
Azerbejdżan
72%
Bahrajn
72%
Singapur
72%
Zjednoczone Emiraty Arabskie
72%
Filipiny
70%
Afganistan
68%
Bangladesz
68%
Jordania
66%
Laos
66%
Mjanma
64%
Uzbekistan
64%
Brunei
62%
Malediwy
62%
Oman
62%
Tajwan
62%
Turkmenistan
60%
Hongkong
58%
Jemen
58%
Timor Wschodni
56%
Tadżykistan
54%
Kuwejt
50%
Palestyna
50%
Cypr Północny
44%
Makau
44%
Tybetański Region Autonomiczny
40%
Abchazja
36%
Kurdystan
36%
Wyspy Kokosowe
36%
Osetia
32%
Wyspa Bożego Narodzenia
32%
Brytyjskie Terytorium Oceanu Indyjskiego
22%
Hokkaido
14%
Tuwa
12%
Adżaria
10%
Republika Ałtaju
10%
Jakucja
8%
Okinawa
8%
Buriacja
6%
Karakałpacja
6%
Sinciang
4%
Chakasja
2%

Rozkład punktacji

Percentyl według liczby udzielonych odpowiedzi

Procent ludzi z każdym wynikiem

Twoja historia wyników

Nie rozwiązałeś tego quizu od ostatniego zresetowania